Villes du Monde en D - Statistiques

Statistiques générales
  • Ce quiz a été pris 169 fois
    155 depuis la dernière actualisation
  • Le résultat moyen est 8 sur 12
Statistiques - réponses
Pays Ville % Correct
Irlande Dublin
98%
Bangladesh Dakha / Dacca
88%
Émirats arabes unis Dubaï
87%
Sénégal Dakar
85%
Qatar Doha
82%
Djibouti Djibouti
76%
France Dijon
63%
Croatie Dubrovnik
51%
Allemagne Dortmund
46%
États-Unis Dallas
44%
Cameroun Douala
36%
Arabie saoudite Dammam
3%
Aucun quiz correspondant
Distribution des résultats
% des personnes avec chaque résultat
Percentile par nombre de réponses
Votre historique - résultats
Vous n’avez pas pris ce quiz depuis la dernière actualisation